Operaciones bancarias internacionales / (Registro nro. 12110)

Detalles MARC
000 -LEADER
fixed length control field 01216nam a2200241Ia 4500
003 - CONTROL NUMBER IDENTIFIER
control field OSt
005 - DATE AND TIME OF LATEST TRANSACTION
control field 20210805150145.0
008 - FIXED-LENGTH DATA ELEMENTS--GENERAL INFORMATION
fixed length control field 210310s2014 ck gr 000 0 spa d
020 ## - INTERNATIONAL STANDARD BOOK NUMBER
International Standard Book Number 9789586487580
040 ## - CATALOGING SOURCE
Original cataloging agency CO-JMCR
Transcribing agency CO-JMCR
041 0# - LANGUAGE CODE
Language code of text/sound track or separate title spa
082 04 - DEWEY DECIMAL CLASSIFICATION NUMBER
Classification number 332.15 /
Item number M322o
Edition number 23
100 1# - MAIN ENTRY--PERSONAL NAME
Personal name Marcuse, Roberto,
Relator term autor
9 (RLIN) 27321
245 10 - TITLE STATEMENT
Title Operaciones bancarias internacionales /
Statement of responsibility, etc. Robert Marcuse
260 ## - PUBLICATION, DISTRIBUTION, ETC.
Place of publication, distribution, etc. Bogotá :
Name of publisher, distributor, etc. Eco,
Date of publication, distribution, etc. 2014.
300 ## - PHYSICAL DESCRIPTION
Extent 168 páginas ;
Dimensions 23 cm.
505 ## - FORMATTED CONTENTS NOTE
Formatted contents note El departamento de negocios internacionales o departamento exterior de un banco. -- Operaciones cambiarias. -- Crédito documentario. -- Cobranzas. -- Órdenes de pago. -- Finanzas, garantías y avales. -- Tesorería y operaciones de divisas. -- Mercadeo, promoción y administración. -- Financiación del comercio exterior.
520 0# - SUMMARY, ETC.
Summary, etc. El proceso de globalización y el desarrollo de mercados emergentes como los de Brasil, Rusia, India, China y Sudáfrica (BRICS) han incrementado enormemente en el volumen de las operaciones de comercio internacional.
650 14 - SUBJECT ADDED ENTRY--TOPICAL TERM
Topical term or geographic name entry element Bancos y banca.
Form subdivision Internacional
9 (RLIN) 27323
650 24 - SUBJECT ADDED ENTRY--TOPICAL TERM
Topical term or geographic name entry element Bancos y banca
9 (RLIN) 38633
650 24 - SUBJECT ADDED ENTRY--TOPICAL TERM
Topical term or geographic name entry element El comercio internacional
9 (RLIN) 39115
942 ## - ADDED ENTRY ELEMENTS (KOHA)
Source of classification or shelving scheme Dewey Decimal Classification
Koha item type Books
Existencias
Withdrawn status Lost status Source of classification or shelving scheme Damaged status Not for loan Home library Current library Shelving location Date acquired Source of acquisition Full call number Barcode Date last seen Copy number Price effective from Koha item type
    Dewey Decimal Classification     Biblioteca Pública José María del Castillo y Rada Biblioteca Pública José María del Castillo y Rada General Stacks 04/15/2018 Donación 332.15 / M322o 430002439 05/16/2024 Ej.1 03/10/2021 Books